Microelectronic circuit : (رقم التسجيلة. 30535)

تفاصيل مارك
000 -الفاتح
حقل البيانات ثابتة الطول 00950nam a2200289Ia 4500
001 - رقم الضبط
رقم الضبط 298436477
003 - محدد رقم الضبط
رقم الضبط OCoLC
005 - وقت وتاريخ اخر تعامل مع التسجيلة
رقم الضبط 20151014172716.0
008 - عناصر البيانات ثابتة الطول - معلومات عامة
حقل البيانات ثابتة الطول 090115s2015 maua b 001 0 eng d
020 ## - الرقم الدولى المعيارى للكتب
الرقم الدولى المعيارى للكتاب 9780198089131
035 ## - رقم ضبط النظام
رقم ضبط النظام (OCoLC)298436477
040 ## - مصدر الفهرسة
وكالة الفهرسة الأصلية MA
082 ## - رقم تصنيف ديوى العشرى
رقم الطبعة 22
رقم التصنيف 621.3815
رقم المادة SAM
100 1# - المدخل الرئيسى - إسم شخصى
الإسم الشخصى Jaeger, Richard C.
9 (RLIN) 36711
245 10 - بيان العنوان
العنوان Microelectronic circuit :
بيان المسئوليه,etc Adel S. sedra, Kenneth C. Smith
بقية العنوان Theory and Applications /
250 ## - بيان الطبعة
بيان الطبعة 6th ed.
260 ## - PUBLICATION, DISTRIBUTION, ETC. (IMPRINT)
مكان الناشر او الموزع Boston [u.a.] :
اسم الناشر او الموزع Oxford,
تاريخ النشر أو التوزيع 2015.
300 ## - الوصف المادى
التعداد xxiv, 1190 p. :
تفاصيل ماديه اخرى للوعاء ill.
490 1# - بيان السلسلة
عنوان السلسلة Electronics and VLSI circuits.
504 ## - تبصرة ببليوجرافية
تبصرة ببليوجرافية,الخ Includes bibliographical references and index.
650 #0 - المدخل الاضافى بالموضوع-مصطلح موضوعى
مصطلح موضوعي أو اسم جغرافي كعنصر مدخل Electronic circuit design.
9 (RLIN) 36712
650 #0 - المدخل الاضافى بالموضوع-مصطلح موضوعى
مصطلح موضوعي أو اسم جغرافي كعنصر مدخل Integrated circuits
التقسيم الفرعي العام Design and construction.
9 (RLIN) 52487
650 #0 - المدخل الاضافى بالموضوع-مصطلح موضوعى
مصطلح موضوعي أو اسم جغرافي كعنصر مدخل Semiconductors
التقسيم الفرعي العام Design and construction.
9 (RLIN) 52488
650 #0 - المدخل الاضافى بالموضوع-مصطلح موضوعى
مصطلح موضوعي أو اسم جغرافي كعنصر مدخل Microelectronics.
9 (RLIN) 52489
700 1# - المدخل الاضافى - اسم شخصى
الإسم الشخصى Blalock, Travis N.
9 (RLIN) 36714
942 ## - عناصر المدخل الإضافي( كوها)
مصدر التصنيف او مخطط الترفيف Dewey Decimal Classification
Koha [default] item type كتاب
المقتنيات
حالة الفقد نموذج السعر الفعال حالة تلف ليس للاعارة رقم الطلب تاريخ الاكتساب الموقع الحالي الباركود الفرع الرئيسي Date last checked out Date last seen نوع المادة فى نظام كوها مصدر التصنيف او خطة الترفيف Total Checkouts
  2015-10-14     621.3815 SAM 2015-10-14 المكتبة المركزية بالمجمعة (CL) 00654410 المكتبة المركزية بالمجمعة (CL) 2019-05-05 2019-12-17 كتاب Dewey Decimal Classification 1
  2015-10-14     621.3815 SAM 2015-10-14 المكتبة المركزية بالمجمعة (CL) 00654411 المكتبة المركزية بالمجمعة (CL)   2015-10-14 كتاب Dewey Decimal Classification  
  2015-10-14     621.3815 SAM 2015-10-14 المكتبة المركزية بالمجمعة (CL) 00654412 المكتبة المركزية بالمجمعة (CL) 2017-10-31 2019-04-24 كتاب Dewey Decimal Classification 1